| Virtuální polytechnická knihovna - Souborný katalog - Úplný záznam dokumentu - MARC |
Uživatel: --- |
-----nas 22-----zu 4500
001 SKVPK0031892
003 CZ-VPK
005 20260423123321.0
008 260423d19551971||||| | ||| || |||||||
022 $a0029-7453
040 $aABA013$bcze
222 0$aObaly
245 00$aObaly
260 $aČeská Republika :$bPraha : Ministerstvo potravinářského průmyslu/ 1959-1
971Praha : Obalový ústav,$c1955-1971
650 07$aspotřební průmysl$xsp$2psh
910 $aABA013$r1956-1971
| čtvrtek 14.05.2026 00:04:33 |
© 2001-2015 Národní technická knihovna |
[Virtuální polytechnická knihovna]
[Servisní centrum]
[Souborný katalog]